The Diliman Review : January 1956 Special Number : Seventeen American poets / January 1956 Special Number : Seventeen American poets /
Descripción Física:
138 pàg. ; 23 cm
Otros Autores:
Stallman, Robert W., 1911-1982
Materias:
Fons Joan Junyer i Pascual (1909-1994)
; Poesia nord-americana -- S. XX
; Poesia nord-americana -- Antologies
Idioma:
English
MARC
| LEADER | 00000nam a22000007a 4500 | ||
|---|---|---|---|
| 001 | 24824 | ||
| 003 | AGDB | ||
| 005 | 20260324181538.0 | ||
| 008 | 251029b ph ||||| |||| 00| 0 eng d | ||
| 245 | |a The Diliman Review : |b January 1956 Special Number : Seventeen American poets / |c edited by R. W. Stallman | ||
| 246 | |a Seventeen American poets | ||
| 260 | |a Quezon City : |b University of the Philippines , |c 1956 | ||
| 300 | |a 138 pàg. ; |c 23 cm | ||
| 500 | |a Prové del fons Joan Junyer i Pascual (1909-1994) | ||
| 500 | |a Conté poemes de Daniel G. Hoffman, Louis O. Coxe, John Vincent Healy, Harry Duncan, Gray Burr, Irving Feldman, Edgar Bogardus, Ruth Stone, Cecil Hemley, Donald Hall, Louis Simpson, Scott Bates, Walker Gibson, Reed Whittemore, James Wright, Winfield Townley Scott i R.W. Stallman. | ||
| 650 | |a Fons Joan Junyer i Pascual (1909-1994) |9 72777 | ||
| 650 | 0 | |a Poesia nord-americana |y S. XX |9 72712 | |
| 650 | 0 | |a Poesia nord-americana |x Antologies |9 72713 | |
| 700 | |a Stallman, Robert W., |d 1911-1982 |9 72711 |e ed. | ||
| 942 | |2 udc |c ARXIU |n 1 | ||
| 952 | |0 0 |1 0 |4 0 |6 F504155 |7 1 |9 98575 |a Arxiu |b Arxiu |d 2025-10-29 |l 0 |o F-504-155 |p 24824 |r 2025-10-29 10:21:26 |w 2025-10-29 |y ARXIU | ||
| 999 | |c 130324 |d 130324 | ||